[Event "Happy Oktoberfest"]
[Site "SchemingMind.com"]
[Date "2019.11.19"]
[Round "-"]
[White "abuteague"]
[Black "Arnold Jones"]
[Result "0-1"]
[WhiteCountry "USA"]
[BlackCountry "ENG"]
[WhiteElo "1768"]
[WhiteRD "79"]
[BlackElo "1615"]
[BlackRD "66"]
[GameID "448170"]

1. d4 d5 2. c4 e6 3. Nc3 dxc4 4. a4 Bb4 5. e3 Bxc3+ 6. bxc3 Qd5 7. Nf3 f6 8. Qc2 b6 9. Qb2 c6 10. Qa2 Ba6
11. Be2 Ne7 12. O-O Kf7 13. Re1 c5 14. e4 Qd7 15. Bxc4 Bxc4 16. Qxc4 cxd4 17. cxd4 Rc8 18. Qa2 a5 19. Be3 Qb7 20. Bf4 Na6
21. Bd2 Nc7 22. Rac1 b5 23. axb5 Qb6 24. Ra1 a4 25. d5 Nxb5 26. dxe6+ Qxe6 27. Qb2 Rcb8 28. Qc1 Kg8 29. h3 Nc6 30. Bf4 Ne5
31. Nxe5 fxe5 32. Bg3 Nd4 33. Qd1 a3 34. Re3 a2 35. f4 Nb3 36. f5 Qb6 37. Bf2 Nxa1 38. Qxa1 Qb1+ 39. Re1 Qxa1 40. Rxa1 Rb1+
0-1

[Event "Happy Oktoberfest"]
[Site "SchemingMind.com"]
[Date "2019.11.18"]
[Round "-"]
[White "Arnold Jones"]
[Black "krzysztof"]
[Result "1-0"]
[WhiteCountry "ENG"]
[BlackCountry "POL"]
[WhiteElo "1584"]
[WhiteRD "66"]
[BlackElo "1597"]
[BlackRD "80"]
[GameID "448171"]

1. d4 d5 2. Nf3 e5 3. Nxe5 f6 4. Nf3 Bg4 5. c3 Nc6 6. Nfd2 Bd6 7. h3 Bf5 8. e3 Bg6 9. a3 Nh6 10. g4 Be4
11. Nxe4 dxe4 12. Bb5 O-O 13. Bxc6 bxc6 14. c4 f5 15. Nc3 c5 16. gxf5 Rxf5 17. dxc5 Qh4 18. Qc2 Rxf2 19. Qxf2 Bg3 20. O-O Bxf2+
21. Rxf2 Nf7 22. Nd5 Qd8 23. b4 c6 24. Nf4 Qf6 25. Bb2 Qh4 26. Rg2 g6 27. Rg4 Qe7 28. Nh5 Kf8 29. Bg7+ Ke8 30. Nf6+ Kd8
31. Rd1+ Kc8 32. Rxe4 Qc7 33. Re8+ Nd8 34. Rd7 Qg3+ 35. Kf1 Qf3+ 36. Ke1 Qh1+ 37. Kf2 Qh2+ 38. Ke1 Qg1+ 39. Kd2 Qf2+ 40. Kd3 Qf1+
41. Kd2 Qf2+ 42. Kd3 Qf1+ 43. Ke4 Qg2+ 44. Kd3 Qf1+ 45. Kd4 Qd1+ 46. Ke5 Qxd7 47. Nxd7 Kxd7 48. Rf8 Rc8 49. Bf6 Kc7 50. Bxd8+ Rxd8
51. Rxd8 Kxd8 52. Kf6 Kd7 53. e4 Ke8 54. Kg7 Ke7 55. Kxh7 Kf6 56. Kh6 g5 57. b5 cxb5 58. cxb5 Ke5 59. Kxg5 Kxe4 60. c6 Kd5
61. c7
1-0

[Event "Happy Oktoberfest"]
[Site "SchemingMind.com"]
[Date "2019.11.23"]
[Round "-"]
[White "Arnold Jones"]
[Black "DANDYLIONHONEYBADGER"]
[Result "1-0"]
[WhiteCountry "ENG"]
[BlackCountry "USA"]
[WhiteElo "1584"]
[WhiteRD "66"]
[BlackElo "1430"]
[BlackRD "75"]
[GameID "448173"]

1. d4 e6 2. c4 b6 3. Nc3 c6 4. e3 Nf6 5. Nf3 d6 6. Bd3 g6 7. b3 Bd7 8. O-O h6 9. e4 Nh5 10. Be3 g5
11. Nd2 Na6 12. Qxh5 Bg7 13. c5 bxc5 14. Bxa6 cxd4 15. Bxd4 e5 16. Bc4 exd4 17. Qxf7#
1-0

[Event "Happy Oktoberfest"]
[Site "SchemingMind.com"]
[Date "2019.11.20"]
[Round "-"]
[White "Mihir Chandrashekhar"]
[Black "Arnold Jones"]
[Result "0-1"]
[WhiteCountry "IND"]
[BlackCountry "ENG"]
[WhiteElo "1801"]
[WhiteRD "52"]
[BlackElo "1615"]
[BlackRD "66"]
[GameID "448174"]

1. h3 e5 2. a3 e4 3. d3 exd3 4. Qxd3 Nf6 5. Nf3 Be7 6. Nc3 Nc6 7. e4 d6 8. g4 Be6 9. Ng5 a6 10. Bg2 Ne5
11. Qe2 Bc4 12. Qe3 Nfd7 13. f4 Nc6 14. b3 Bxg5 15. bxc4 Bh4+
0-1

[Event "Happy Oktoberfest"]
[Site "SchemingMind.com"]
[Date "2019.11.19"]
[Round "-"]
[White "Geoffrey Rosser"]
[Black "JimM"]
[Result "1-0"]
[WhiteCountry "ENG"]
[BlackCountry "USA"]
[WhiteElo "1977"]
[WhiteRD "62"]
[BlackElo "1752"]
[BlackRD "80"]
[GameID "448192"]

1. e4 c5 2. c3 e6 3. d4 d5 4. Bb5+ Nc6 5. exd5 Qxd5 6. Nf3 Nf6 7. O-O cxd4 8. Nxd4 Bd7 9. Be3 Be7 10. Re1 O-O
11. c4 Qd6 12. Nc3 a6 13. Nxc6 Bxc6 14. Qxd6 Bxd6 15. Bxc6 bxc6 16. b3 Be5 17. Rac1 Ng4 18. Bc5 Rfd8 19. h3 Bxc3 20. Rxc3 Nf6
21. Rg3 Rd2 22. a4 Rb8 23. Be7 Nh5 24. Rg5 g6 25. Ra5 Rxb3 26. Rxa6 Rd7 27. Bg5 Rb4 28. Bh6 Rd8 29. Rc1 Rc8 30. c5 Ng7
31. Bxg7 Kxg7 32. a5 Kf6 33. Rb6 Ra4 34. a6 Ke5 35. Rd1 Ra5 36. Rd7 Rxc5 37. Rdb7 Ra5 38. Rxf7 h6 39. f4+ Kd5 40. a7 Ra8
41. Rc7 R8xa7 42. Rcxc6 Re7 43. Rd6+ Ke4 44. Rxe6+ Rxe6 45. Rxe6+ Kxf4 46. Rxg6 h5 47. Kh2 Rg5 48. g3+ Kf5 49. Rxg5+ Kxg5 50. Kg2 h4
51. g4 Kf4 52. Kf2 Ke4 53. Ke2 Kf4 54. Kd3 Ke5 55. Ke3 Kf6 56. Ke4 Kg5 57. Ke5 Kg6 58. Kf4 Kh6 59. Kf5
1-0

[Event "Happy Oktoberfest"]
[Site "SchemingMind.com"]
[Date "2019.11.20"]
[Round "-"]
[White "JimM"]
[Black "grabapawn"]
[Result "1-0"]
[WhiteCountry "USA"]
[BlackCountry "USA"]
[WhiteElo "1749"]
[WhiteRD "81"]
[BlackElo "1530"]
[BlackRD "61"]
[GameID "448193"]

1. e4 d6 2. d4 Nf6 3. Nc3 Nbd7 4. Bb5 c6 5. Bc4 e5 6. Nf3 h6 7. O-O Be7 8. Be3 Qc7 9. Bb3 Nf8 10. h3 Ng6
11. dxe5 Nxe5 12. Nxe5 dxe5 13. Qf3 Bd7 14. Rfe1 O-O-O 15. Bxf7 b6 16. Bg6 Be8 17. Bf5+ Kb8 18. Be6 Bh5 19. Qg3 g5 20. f3 Bd6
21. a3 Rde8 22. Bc4 Re7 23. b4 Rg7 24. Be6 c5 25. Nb5 Qe7 26. Bb3 Bc7 27. Nxc7 Kxc7 28. bxc5 bxc5 29. Qf2 Kb6 30. Rab1 Nd7
31. Bd5+ Kc7 32. Rb7+ Kc8 33. Bxc5 Qf6 34. Rxa7 Nxc5 35. Qxc5+ Kd8 36. Ra8+
1-0

[Event "Happy Oktoberfest"]
[Site "SchemingMind.com"]
[Date "2019.11.19"]
[Round "-"]
[White "Phillip Beckett"]
[Black "JimM"]
[Result "0-1"]
[WhiteCountry "ENG"]
[BlackCountry "USA"]
[WhiteElo "1533"]
[WhiteRD "50"]
[BlackElo "1749"]
[BlackRD "81"]
[GameID "448195"]

1. e4 c5 2. Nf3 e6 3. d4 cxd4 4. Nxd4 Nf6 5. Bd3 Nc6 6. Nb3 Ne5 7. Nc3 Be7 8. O-O O-O 9. f4 Nxd3 10. cxd3 Qb6+
11. Kh1 d6 12. Qf3 Bd7 13. Be3 Qc7 14. Nd4 a6 15. Rac1 Qd8 16. g4 b5 17. g5 Ne8 18. h4 Qa5 19. Nb3 Qd8 20. h5 Bc6
21. g6 h6 22. gxf7+ Rxf7 23. Qg3 Nf6 24. Kh2 Nxh5 25. Qh3 Nf6 26. Rg1 Kh8 27. f5 exf5 28. exf5 d5 29. Rg6 Bd6+ 30. Kh1 d4+
31. Ne4 dxe3 32. Rcg1 Nxe4 33. dxe4 Bxe4+ 34. R1g2 Be5 35. f6 Qd1#
0-1

[Event "Happy Oktoberfest"]
[Site "SchemingMind.com"]
[Date "2019.11.18"]
[Round "-"]
[White "JimM"]
[Black "abuteague"]
[Result "0-1"]
[WhiteCountry "USA"]
[BlackCountry "USA"]
[WhiteElo "1752"]
[WhiteRD "80"]
[BlackElo "1815"]
[BlackRD "74"]
[GameID "448196"]

1. e4 d6 2. d4 Nf6 3. Nc3 c6 4. f4 Qa5 5. Nf3 Nxe4 6. Bd2 Nxd2 7. Qxd2 e6 8. Bd3 Be7 9. O-O-O b5 10. a3 b4
11. Na2 O-O 12. Nxb4 c5 13. dxc5 Qxc5 14. g4 Nc6 15. h4 Nxb4 16. axb4 Qb6 17. h5 Bb7 18. Rhf1 d5 19. c3 a5 20. b5 a4
21. Nd4 h6 22. Nc6 Bxc6 23. bxc6 a3 24. Qc2 axb2+ 25. Kd2 Bc5 26. Rb1 Be3+ 27. Ke2 Ra2 28. c4 d4 29. c5 Qb4 30. f5 Rc8
31. fxe6 Rxc6 32. e7 Rc8 33. Bh7+ Kh8 34. Rxf7 Qb5+ 35. Ke1 Qb8 36. Bg6 Re8 37. Qf5 Qg3+ 38. Ke2 Qg2+ 39. Kd3 Qd2+ 40. Kc4 Qc3+
41. Kd5 Qb3+ 42. Kd6 Ra6+ 43. Ke5 Qb8+ 44. Ke4 Qb7+ 45. Qd5 Rxe7+ 46. Rxe7 Qxe7+ 47. Kd3 Bc1 48. Kc4 Qc7 49. Qe4 Qc8 50. Bf5 Qb8
51. Qc2 Qe5 52. Qb3 Rc6 53. Qb5 Qc7 54. Kxd4 Qd8+ 55. Kc4 Qc7 56. Be4 Re6 57. Bf5 Re7 58. Qb6 Qf4+ 59. Kb5 Qe5 60. Qd6 Qe2+
61. Kb6 Re8 62. Kc7 Qb5 63. Qb6 Bf4+ 64. Kb7 Rb8+ 65. Ka7 Rxb6 66. cxb6 Be3
0-1

[Event "Happy Oktoberfest"]
[Site "SchemingMind.com"]
[Date "2019.11.19"]
[Round "-"]
[White "krzysztof"]
[Black "JimM"]
[Result "0-1"]
[WhiteCountry "POL"]
[BlackCountry "USA"]
[WhiteElo "1605"]
[WhiteRD "79"]
[BlackElo "1752"]
[BlackRD "80"]
[GameID "448197"]

1. e4 c5 2. Nc3 Nc6 3. Bc4 e6 4. d3 Nf6 5. Bg5 Be7 6. a3 d5 7. exd5 exd5 8. Ba2 Nd4 9. Nce2 Bg4 10. f3 Bf5
11. g4 Ne6 12. Bxf6 Bxf6 13. gxf5 Bh4+ 14. Ng3 Nf4 15. Qd2 Qe7+ 16. Kf2 Qd6 17. Re1+ Kd7 18. c4 d4 19. Re4 Bg5 20. Qd1 h5
21. h4 Bh6 22. N1e2 Nxe2 23. Qxe2 Be3+ 24. Kg2 g6 25. Rf1 gxf5 26. Nxf5 Qg6+ 27. Ng3 Rag8 28. Rg4 hxg4 29. fxg4 Rxh4 30. Qf3 Kc7
31. Qxf7+ Qxf7 32. Rxf7+ Kc8 33. b4 b6 34. bxc5 bxc5 35. Rxa7 Rhxg4 36. Ra8+ Kb7 37. Rxg8 Rxg8 38. Kf3 Kc6 39. Bb3 Rb8 40. Bd1 Rb2
41. Ne2 Rd2 42. Ba4+ Kd6 43. Nf4 Ra2 44. Nd5 Rxa3 45. Bc2 Ra2 46. Bd1 Rd2 47. Be2 Bg5 48. Nb6 Ra2 49. Ke4 Rxe2+ 50. Kf3 Rd2
51. Ke4 Re2+ 52. Kf3 Re3+ 53. Kf2 Rxd3 54. Ke2 Rc3 55. Kd1 Kc6 56. Nd5 Rxc4 57. Ne7+ Bxe7
0-1

[Event "Happy Oktoberfest"]
[Site "SchemingMind.com"]
[Date "2019.11.20"]
[Round "-"]
[White "Arnold Jones"]
[Black "JimM"]
[Result "1-0"]
[WhiteCountry "ENG"]
[BlackCountry "USA"]
[WhiteElo "1615"]
[WhiteRD "66"]
[BlackElo "1716"]
[BlackRD "85"]
[GameID "448198"]

1. d4 e6 2. c4 Bb4+ 3. Nc3 Nf6 4. Nf3 c5 5. d5 Ne4 6. dxe6 Nxc3 7. exf7+ Kxf7 8. bxc3 Bxc3+ 9. Bd2 Bxa1 10. Qxa1 d5
11. Qe5 Nc6 12. Ng5+ Kg6 13. Qg3 Qe7 14. h4 h5 15. Ne6+ Kh7 16. Ng5+ Kg8 17. cxd5 Nb4 18. d6 Qf6 19. Qb3+ Kf8 20. Bc3 Qg6
21. e4 Bd7 22. a3 Nc6 23. Bd3 b6 24. O-O Qe8 25. f4 Nd4 26. Bxd4 cxd4 27. f5 Rh6 28. Ne6+ Bxe6 29. fxe6+ Rf6 30. e7+
1-0

[Event "Happy Oktoberfest"]
[Site "SchemingMind.com"]
[Date "2019.11.23"]
[Round "-"]
[White "DANDYLIONHONEYBADGER"]
[Black "JimM"]
[Result "0-1"]
[WhiteCountry "USA"]
[BlackCountry "USA"]
[WhiteElo "1413"]
[WhiteRD "79"]
[BlackElo "1752"]
[BlackRD "80"]
[GameID "448200"]

1. e4 e5 2. Nc3 Nf6 3. f3 Bc5 4. Nh3 O-O 5. Bd3 Nc6 6. Na4 Bd6 7. c3 a6 8. b4 a5 9. b5 Ne7 10. g4 c6
11. b6 Ng6 12. g5 Nh5 13. c4 Nhf4 14. Nxf4 Nxf4 15. Qc2 Qxg5 16. c5 Qg2
0-1

[Event "Happy Oktoberfest"]
[Site "SchemingMind.com"]
[Date "2019.11.19"]
[Round "-"]
[White "JimM"]
[Black "Mihir Chandrashekhar"]
[Result "0-1"]
[WhiteCountry "USA"]
[BlackCountry "IND"]
[WhiteElo "1749"]
[WhiteRD "81"]
[BlackElo "1820"]
[BlackRD "58"]
[GameID "448201"]

1. e4 f6 2. d4 e6 3. Nf3 Ne7 4. Be2 d5 5. e5 f5 6. O-O h6 7. c4 g6 8. Nc3 c6 9. cxd5 cxd5 10. Nb5 Nec6
11. Be3 Kd7 12. a3 a6 13. Nd6 Bxd6 14. exd6 Kxd6 15. Bf4+ Ke7 16. Ne5 Nxe5 17. dxe5 g5 18. Be3 Nc6 19. Bc5+ Kf7 20. Bh5+ Kg7
21. Bd6 Bd7 22. f4 Be8 23. h3 Bxh5 24. Qxh5 Qe8 25. Qf3 Qg6 26. Bc5 Rac8 27. Be3 g4 28. Qg3 h5 29. Kf2 h4
0-1

[Event "Happy Oktoberfest"]
[Site "SchemingMind.com"]
[Date "2019.11.21"]
[Round "-"]
[White "grabapawn"]
[Black "kenneth m day"]
[Result "0-1"]
[WhiteCountry "USA"]
[BlackCountry "USA"]
[WhiteElo "1485"]
[WhiteRD "62"]
[BlackElo "1708"]
[BlackRD "53"]
[GameID "448299"]

1. d4 Nf6 2. Bf4 d6 3. e3 g6 4. Bd3 Bg7 5. c3 O-O 6. h4 Nc6 7. Nd2 e5 8. dxe5 dxe5 9. Bg3 Qxd3 10. Ngf3 Bg4
11. a3 Rfe8 12. Nb3 Qxd1+ 13. Rxd1 e4 14. Nbd4 exf3 15. gxf3 Nxd4 16. fxg4 Nb3 17. g5 Ne4 18. Bxc7 Rac8 19. Rd7 Nbc5
0-1

[Event "Happy Oktoberfest"]
[Site "SchemingMind.com"]
[Date "2019.11.20"]
[Round "-"]
[White "kenneth m day"]
[Black "Phillip Beckett"]
[Result "1-0"]
[WhiteCountry "USA"]
[BlackCountry "ENG"]
[WhiteElo "1708"]
[WhiteRD "53"]
[BlackElo "1515"]
[BlackRD "52"]
[GameID "448301"]

1. e4 e5 2. f4 Qh4+ 3. g3 Qe7 4. d3 exf4 5. Bxf4 d5 6. Nc3 c6 7. Nge2 dxe4 8. dxe4 Bg4 9. Bg2 Nd7 10. Qd4 Qc5
11. O-O-O Qxd4 12. Rxd4 O-O-O 13. h3 Bxe2 14. Nxe2 Bc5 15. Rc4 Bb6 16. Rd1 Ngf6 17. Nc3 Nb8 18. h4 Rxd1+ 19. Nxd1 Nbd7 20. Ne3 Bc7
21. Bh3 Kb8 22. Nf5 g6 23. Nh6 Bxf4+ 24. gxf4 Rf8 25. Rd4 Nb6 26. e5 Nfd5 27. c4 Nc7 28. a4 Nxa4 29. Nxf7 Nb6 30. b3 a6
31. Ng5 h6 32. Nf3 Ka7 33. Kd2 Re8 34. Kc3 Ne6 35. Re4 Nc5 36. Rd4 Ne6 37. Bxe6 Rxe6 38. Rd8 Re7 39. Kd4 Rd7+ 40. Rxd7 Nxd7
41. e6 Nf6 42. Ke5 Ne8 43. e7 Kb8 44. Ke6 Kc7 45. Ne5
1-0

[Event "Happy Oktoberfest"]
[Site "SchemingMind.com"]
[Date "2019.11.20"]
[Round "-"]
[White "Geoffrey Rosser"]
[Black "kenneth m day"]
[Result "1-0"]
[WhiteCountry "ENG"]
[BlackCountry "USA"]
[WhiteElo "2007"]
[WhiteRD "60"]
[BlackElo "1708"]
[BlackRD "53"]
[GameID "448302"]

1. e4 e5 2. Nf3 Nc6 3. d4 exd4 4. Nxd4 Bc5 5. c3 Qf6 6. Be3 Nge7 7. Bc4 Ne5 8. Bb3 Qg6 9. Bc2 Qxg2 10. Rf1 d6
11. Nd2 Qxh2 12. N2f3 Qh5 13. Nxe5 Qxd1+ 14. Rxd1 dxe5 15. Nb5 Bd6 16. Nxd6+ cxd6 17. Rxd6 O-O 18. Ke2 Be6 19. Rfd1 Nc6 20. Bc5 Rad8
21. a3 Rxd6 22. Rxd6 Rd8 23. Rxd8+ Nxd8 24. Bxa7 Nc6 25. Bb6 h5 26. Ke3 Kh7 27. f4 exf4+ 28. Kxf4 Kh6 29. Bc7 g5+ 30. Kg3 h4+
31. Kg2 Kh5 32. b4 f6 33. a4 Kg4 34. Bd1#
1-0

[Event "Happy Oktoberfest"]
[Site "SchemingMind.com"]
[Date "2019.11.20"]
[Round "-"]
[White "kenneth m day"]
[Black "abuteague"]
[Result "1/2-1/2"]
[WhiteCountry "USA"]
[BlackCountry "USA"]
[WhiteElo "1745"]
[WhiteRD "53"]
[BlackElo "1753"]
[BlackRD "78"]
[GameID "448303"]

1. e4 d6 2. d4 Nf6 3. Nc3 c6 4. h3 Qa5 5. Bd2 e5 6. Nf3 exd4 7. Nxd4 Be7 8. Bd3 O-O 9. Nd5 Qd8 10. Nxf6+ Bxf6
11. Qh5 Bxd4 12. e5 g6 13. Qh6 Bxe5 14. O-O-O Bg7 15. Qf4 Qb6 16. Bb4 a5 17. Ba3 Na6 18. Bxa6 Qxa6 19. Qxd6 Bf5 20. Qf4 Qe2
21. Rd2 Qb5 22. c4 Qb6 23. Bxf8 Kxf8 24. Qd6+ Kg8 25. Rhd1 Bh6 26. f4 Bf8 27. Qe5 Bg7 28. Qe2 Be6 29. b3 a4 30. Qf2 Qxf2
31. Rxf2 axb3 32. axb3 Ra1+ 33. Kd2 Rxd1+ 34. Kxd1 Bd4 35. Rd2 c5 36. Ra2 Bd7 37. Kd2 Bc6 38. g3 Bf2 39. g4 Bg2 40. Kd1 Bf3+
41. Kd2 Bd4 42. Kd3 Kg7 43. Rd2 Bc6=
1/2-1/2

[Event "Happy Oktoberfest"]
[Site "SchemingMind.com"]
[Date "2019.11.21"]
[Round "-"]
[White "JimM"]
[Black "kenneth m day"]
[Result "0-1"]
[WhiteCountry "USA"]
[BlackCountry "USA"]
[WhiteElo "1750"]
[WhiteRD "80"]
[BlackElo "1744"]
[BlackRD "54"]
[GameID "448304"]

1. e4 e5 2. Nf3 Nc6 3. Bb5 a6 4. Ba4 Nf6 5. O-O Nxe4 6. d4 b5 7. Bb3 d5 8. dxe5 Be6 9. Nbd2 Nc5 10. c3 Be7
11. Bc2 Bg4 12. Re1 O-O 13. h3 Bh5 14. Bf5 Re8 15. Qe2 Bf8 16. Qe3 Ne6 17. Nf1 Bc5 18. Qd3 Na5 19. b4 Bxf2+ 20. Kxf2 Nc4
21. Kg1 Bg6 22. Ng3 h6 23. Bxg6 fxg6 24. Qxg6 Nf8 25. Qg4 Re6 26. Nh5 Rg6 27. Qd4 Ne6 28. Qf2 Qf8 29. Be3 Qf7 30. Bd4 Rf8
31. a4 Kh8 32. axb5 axb5 33. Rf1 Qf5 34. Ng3 Qf7 35. Nh4 Qxf2+ 36. Rxf2 Rxg3 37. Rxf8+ Nxf8 38. Ra8 Kg8 39. e6 Kh7 40. Rxf8 Nd6
41. Rc8 Nxc8 42. Nf5 Rg6 43. e7 Nxe7 44. Nxe7 Re6 45. Nf5 g6 46. Nh4 Re2 47. Nf3 Ra2 48. Kh2 Rc2 49. Ne5 Re2 50. Kg3 g5
51. Kf3 Ra2 52. g3 Rh2 53. Kg4 Rh1 54. Nc6 Re1 55. Na7 Rf1 56. Nxb5 c6 57. Na7 Kg6 58. Nxc6 h5#
0-1

[Event "Happy Oktoberfest"]
[Site "SchemingMind.com"]
[Date "2019.11.25"]
[Round "-"]
[White "DANDYLIONHONEYBADGER"]
[Black "kenneth m day"]
[Result "0-1"]
[WhiteCountry "USA"]
[BlackCountry "USA"]
[WhiteElo "1430"]
[WhiteRD "75"]
[BlackElo "1745"]
[BlackRD "53"]
[GameID "448305"]

1. e4 e5 2. Nc3 Nc6 3. Qe2 Nf6 4. a3 Be7 5. f3 Nd4 6. Qd3 O-O 7. h3 c6 8. b4 Nh5 9. Nge2 Bh4+ 10. Kd1 d5
11. Nxd4 exd4 12. Qxd4 dxe4 13. Qxe4 Re8 14. Qf4 Re1#
0-1

[Event "Happy Oktoberfest"]
[Site "SchemingMind.com"]
[Date "2019.11.20"]
[Round "-"]
[White "kenneth m day"]
[Black "Arnold Jones"]
[Result "0-1"]
[WhiteCountry "USA"]
[BlackCountry "ENG"]
[WhiteElo "1708"]
[WhiteRD "53"]
[BlackElo "1615"]
[BlackRD "66"]
[GameID "448306"]

1. e4 c5 2. d4 cxd4 3. c3 dxc3 4. Nxc3 e6 5. Nf3 Bb4 6. Bd2 a6 7. Bd3 Bxc3 8. Bxc3 f6 9. O-O e5 10. Qb3 b5
11. Rac1 Nc6 12. a3 Nge7 13. Rfd1 Ng6 14. Bb1 Nf4 15. Ba2 Qe7 16. Rc2 Ne6 17. Nh4 Nc5 18. Qd5 g6 19. Bb4 Nxb4 20. Qxa8 Nxc2
21. Qxc8+ Qd8 22. Qxc5 Nd4 23. Qd5 Rf8 24. Kf1 d6 25. Qc6+ Nxc6 26. Rc1 Nd4 27. Nf3 Nxf3 28. gxf3 Qb6
0-1

[Event "Happy Oktoberfest"]
[Site "SchemingMind.com"]
[Date "2019.11.20"]
[Round "-"]
[White "kenneth m day"]
[Black "krzysztof"]
[Result "1-0"]
[WhiteCountry "USA"]
[BlackCountry "POL"]
[WhiteElo "1745"]
[WhiteRD "53"]
[BlackElo "1597"]
[BlackRD "80"]
[GameID "448307"]

1. e4 e5 2. Nf3 Nc6 3. c3 Nf6 4. d4 exd4 5. e5 Nd5 6. Qb3 Nb6 7. cxd4 d6 8. Be2 Be6 9. Qc2 d5 10. Nc3 h6
11. a3 g6 12. Be3 Qd7 13. Nd2 Be7 14. O-O-O a6 15. Nb3 Bf5 16. Bd3 Nd8 17. h3 Nc8 18. g4 Be6 19. f4 c5 20. dxc5 d4
21. Bxd4 Nc6 22. Be3 Qc7 23. Ne4 Bxb3 24. Qxb3 O-O 25. Nd6 Na5 26. Qd5 Nxd6 27. exd6 Bxd6 28. Qxd6 Qxd6 29. cxd6 Nc6 30. Bc2 Rad8
31. Bb6 Rd7 32. f5 g5 33. Rhe1 f6 34. Bb3+ Kg7 35. Be6 Rxd6 36. Rxd6 h5 37. Rd7+ Kh6 38. Rxb7 Ne5 39. gxh5 Nd3+ 40. Kd2 Nxe1
41. Kxe1 Rh8 42. Bd4 Rf8 43. Rf7 Rxf7 44. Bxf7 Kg7 45. Bc4
1-0

[Event "Happy Oktoberfest"]
[Site "SchemingMind.com"]
[Date "2019.11.21"]
[Round "-"]
[White "Mihir Chandrashekhar"]
[Black "kenneth m day"]
[Result "1-0"]
[WhiteCountry "IND"]
[BlackCountry "USA"]
[WhiteElo "1820"]
[WhiteRD "58"]
[BlackElo "1745"]
[BlackRD "53"]
[GameID "448309"]

1. h3 d5 2. a3 Nf6 3. g4 e5 4. Bg2 h6 5. d4 e4 6. Bf4 Nc6 7. e3 Bd6 8. Ne2 Qe7 9. Kd2 Na5 10. Kc1 Qd7
11. Nbc3 b6 12. Bxd6 Qxd6 13. b3 Ba6 14. Kb2 b5 15. f3 O-O 16. fxe4 Nxe4 17. Bxe4 dxe4 18. Nxe4 Qe6 19. Nc5 Qc8 20. Nf4 Nc6
21. h4 Bb7 22. Nxb7 Qxb7 23. g5 Kh7 24. Qd3+ g6 25. h5 Ne7 26. hxg6+ fxg6 27. Rxh6+ Kg7 28. Nxg6
1-0

[Event "Happy Oktoberfest"]
[Site "SchemingMind.com"]
[Date "2019.11.26"]
[Round "-"]
[White "MichaelG"]
[Black "grabapawn"]
[Result "1-0"]
[WhiteCountry "GER"]
[BlackCountry "USA"]
[WhiteElo "1894"]
[WhiteRD "86"]
[BlackElo "1530"]
[BlackRD "61"]
[GameID "448557"]

1. d4 d6 2. Nf3 Nf6 3. g3 Nbd7 4. Bg2 e5 5. O-O Be7 6. c4 c6 7. Nc3 Qc7 8. e4 Nf8 9. a3 Ng6 10. h3 h6
11. Re1 Nh5 12. d5 Bd7 13. Nxe5 dxe5 14. Qxh5 Qb6 15. Qe2 f5 16. Qh5 O-O-O 17. Qxg6 f4 18. b4 Rdg8 19. c5 Qa6 20. gxf4 cxd5
21. Qxa6 bxa6 22. Nxd5 Bf6 23. fxe5 Bd8 24. f4 g6 25. Bb2 Be6 26. f5 gxf5 27. exf5 Bxf5 28. Kh2 Rh7 29. e6 Be7 30. Bf6 Bd8
31. Bxd8 Kxd8 32. Nf6 Rxg2+ 33. Kxg2 Rg7+ 34. Kh2 Ke7 35. Nd5+ Kd8 36. e7+
1-0

[Event "Happy Oktoberfest"]
[Site "SchemingMind.com"]
[Date "2019.11.26"]
[Round "-"]
[White "MichaelG"]
[Black "Geoffrey Rosser"]
[Result "0-1"]
[WhiteCountry "GER"]
[BlackCountry "ENG"]
[WhiteElo "1894"]
[WhiteRD "86"]
[BlackElo "1964"]
[BlackRD "58"]
[GameID "448558"]

1. d4 Nf6 2. Nf3 g6 3. g3 Bg7 4. Bg2 O-O 5. O-O d5 6. c4 Bf5 7. b3 dxc4 8. Nfd2 Nc6 9. e4 Bxe4 10. Nxc4 Bxg2
11. Kxg2 Qd5+ 12. Kg1 Nxd4 13. Nbd2 Ne4 14. Ne3 Qc6 15. Bb2 Nxd2 16. Qxd2 Nf3+
0-1

[Event "Happy Oktoberfest"]
[Site "SchemingMind.com"]
[Date "2019.11.28"]
[Round "-"]
[White "GBEDARD"]
[Black "MichaelG"]
[Result "0-1"]
[WhiteCountry "USA"]
[BlackCountry "GER"]
[WhiteElo "1774"]
[WhiteRD "93"]
[BlackElo "1927"]
[BlackRD "84"]
[GameID "448559"]

1. e4 e6 2. d4 d5 3. Nc3 Nf6 4. e5 Nfd7 5. f4 c5 6. Nf3 Be7 7. Be3 b6 8. Bb5 Ba6 9. O-O O-O 10. Bxa6 Nxa6
11. a3 Nc7 12. Bf2 b5 13. dxc5 Nxc5 14. Nd4 Qd7 15. Qf3 f6 16. Qe2 fxe5
0-1

[Event "Happy Oktoberfest"]
[Site "SchemingMind.com"]
[Date "2019.11.26"]
[Round "-"]
[White "MichaelG"]
[Black "Phillip Beckett"]
[Result "1-0"]
[WhiteCountry "GER"]
[BlackCountry "ENG"]
[WhiteElo "1894"]
[WhiteRD "86"]
[BlackElo "1533"]
[BlackRD "50"]
[GameID "448560"]

1. d4 d5 2. Nf3 Nf6 3. g3 g6 4. Bg2 Bg7 5. O-O O-O 6. c4 c6 7. b3 e6 8. Bb2 Nbd7 9. Nbd2 dxc4 10. bxc4 Re8
11. Rb1 c5 12. e3 cxd4 13. exd4 Nb6 14. a4 Bd7 15. a5 Nc8 16. Ne5 Nd6 17. c5 Nb5 18. Bxb7 Rb8 19. a6 Bc8 20. Nc6 Qc7
21. Nxb8 Qxb8 22. c6 Nc7 23. Ba3
1-0

[Event "Happy Oktoberfest"]
[Site "SchemingMind.com"]
[Date "2019.11.27"]
[Round "-"]
[White "abuteague"]
[Black "MichaelG"]
[Result "1/2-1/2"]
[WhiteCountry "USA"]
[BlackCountry "GER"]
[WhiteElo "1753"]
[WhiteRD "78"]
[BlackElo "1894"]
[BlackRD "86"]
[GameID "448561"]

1. d4 d5 2. c4 e6 3. Nf3 Nf6 4. Bg5 Be7 5. e3 Nbd7 6. Nc3 h6 7. Bxf6 Nxf6 8. Bd3 dxc4 9. Bxc4 O-O 10. O-O c5
11. dxc5 Bxc5 12. Qxd8 Rxd8 13. Rfd1 Bd7 14. Ne5 Rac8 15. Nxd7 Nxd7 16. Be2 a6 17. Bf3 Rc7 18. Na4 Be7 19. g3 Bf6 20. Rab1 Rdc8
21. b3 b5 22. Nb2 Ne5 23. Bg2 a5 24. Bf1 Rc5 25. Nd3 Nxd3 26. Bxd3 b4 27. Bc4 Kf8 28. Rbc1 Ke7 29. Kg2 R5c7=
1/2-1/2

[Event "Happy Oktoberfest"]
[Site "SchemingMind.com"]
[Date "2019.11.26"]
[Round "-"]
[White "kenneth m day"]
[Black "MichaelG"]
[Result "0-1"]
[WhiteCountry "USA"]
[BlackCountry "GER"]
[WhiteElo "1746"]
[WhiteRD "53"]
[BlackElo "1927"]
[BlackRD "84"]
[GameID "448562"]

1. e4 e6 2. d4 d5 3. Nd2 c5 4. Ngf3 Nf6 5. e5 Nfd7 6. c3 Be7 7. Bd3 b6 8. Nf1 Ba6 9. Be3 Bxd3 10. Qxd3 Nc6
11. Ng3 O-O 12. h4 cxd4 13. cxd4 f6 14. h5 fxe5 15. dxe5 Ndxe5 16. Nxe5 Nxe5 17. Qe2 Qd6 18. Bd4 Bf6 19. Rc1 Nf3+ 20. gxf3 Bxd4
21. Qd2 Be5 22. Ne4 dxe4 23. Qxd6 Bxd6 24. fxe4 Rf4 25. Rc4 Raf8 26. Rf1 Bc5 27. a3 Bxf2+ 28. Ke2 e5 29. Kd1 Bd4 30. Rxf4 Rxf4
31. Rc8+ Rf8 32. Rc7 a5 33. b3 g5 34. Rc2 Rf1+ 35. Kd2 Rf2+
0-1

[Event "Happy Oktoberfest"]
[Site "SchemingMind.com"]
[Date "2019.11.30"]
[Round "-"]
[White "MichaelG"]
[Black "krzysztof"]
[Result "1-0"]
[WhiteCountry "GER"]
[BlackCountry "POL"]
[WhiteElo "1927"]
[WhiteRD "84"]
[BlackElo "1605"]
[BlackRD "79"]
[GameID "448563"]

1. d4 d5 2. Nf3 e6 3. g3 Bb4+ 4. c3 Bd6 5. Bg2 Nd7 6. Nbd2 Ngf6 7. O-O c6 8. Qc2 Nb6 9. e4 dxe4 10. Nxe4 Bc7
11. Bg5 Nbd7 12. Rad1 h6 13. Nxf6+ gxf6 14. Bc1 f5 15. Rfe1 Qf6 16. d5 cxd5 17. Rxd5 e5 18. Bf4 e4 19. Bxc7 O-O 20. Ne5 Nxe5
21. Bxe5 Qg6 22. a3 Be6 23. Rd2 f6 24. Bf4 h5 25. f3 h4 26. fxe4 Kf7 27. exf5 Qxf5 28. Qxf5 Bxf5 29. Bd5+ Kg6 30. Bxb7 Rae8
31. Rxe8 Rxe8 32. Kf2 hxg3+ 33. Bxg3 Bh3 34. Rd4 f5 35. Bf4 Re4 36. Rxe4 fxe4 37. Ke3 Kf5 38. Bc8+ Kf6 39. Bxh3
1-0